| Поле | Инд. | ПП | Название | Значение |
|---|---|---|---|---|
| Тип записи | a | |||
| Библиографический уровень | b | |||
| 001 | Контрольный номер | RU/IS/BASE/324657920 | ||
| 005 | Дата корректировки | 20220715140338.3 | ||
| 008 | Кодируемые данные | 20100415 | ||
| 040 | b | Код языка каталог. | rus | |
| e | Правила каталог. | PSBO | ||
| 041 | 0_ | a | Код языка текста | rus |
| 084 | a | Индекс другой классификации/Индекс ББК | 81.411.2-55 | |
| 100 | 1_ | a | Автор | Литневская Е. И. |
| q | Полное имя | Литневская Елена Ивановна | ||
| 245 | 10 | a | Заглавие | О некоторых графико-орфографических особенностях письменных жанров разговорной речи |
| 504 | a | Библиография | Библиогр. ссылки. - Примеч.: с. 75 - 76 | |
| 520 | 0_ | a | Аннотация | Главные новации в сфере русского письма проявляются в таких письменных жанрах разговорной речи, как чат и смс-переписка. В них возникает узуальная норма, характер которой во многом связан с материальным носителем текста - компьютером или телефоном |
| 650 | 04 | a | Основная рубрика | русский язык |
| a | Основная рубрика | филологические науки | ||
| a | Основная рубрика | частное языкознание | ||
| a | Основная рубрика | языкознание | ||
| 653 | 0_ | a | Ключевые слова | SMS-сообщение |
| a | Ключевые слова | графика | ||
| a | Ключевые слова | графико-орфографические особенности | ||
| a | Ключевые слова | неологизмы | ||
| a | Ключевые слова | орфография | ||
| a | Ключевые слова | письменная речь | ||
| a | Ключевые слова | пунктуация | ||
| a | Ключевые слова | разговорная речь | ||
| a | Ключевые слова | стилистика | ||
| a | Ключевые слова | стилистика речи | ||
| a | Ключевые слова | чаты | ||
| a | Ключевые слова | язык Интернета | ||
| a | Ключевые слова | языковые новации | ||
| 773 | 08 | t | Заглавие источника | Вестник Московского университета. Серия 9, Филология |
| d | Дата издания источника | 2009 | ||
| g | Прочая информация | № 4. - С. 65 - 76 | ||
| w | Контрольный № источника | RU/IS/BASE/321796379 | ||
| 901 | t | Тип документа | b |